The campaign in Malaya / (Record no. 184773)
[ view plain ]
| 000 -LEADER | |
|---|---|
| fixed length control field | 00740 a2200169 4500 |
| 003 - CONTROL NUMBER IDENTIFIER | |
| control field | NUST |
| 005 - DATE AND TIME OF LATEST TRANSACTION | |
| control field | 20221222183102.0 |
| 040 ## - CATALOGING SOURCE | |
| Transcribing agency | Nust |
| 082 ## - DEWEY DECIMAL CLASSIFICATION NUMBER | |
| Classification number | 355,PAL |
| 100 ## - MAIN ENTRY--PERSONAL NAME | |
| Personal name | Palit, D. K. |
| 9 (RLIN) | 48672 |
| 245 ## - TITLE STATEMENT | |
| Title | The campaign in Malaya / |
| Statement of responsibility, etc. | D. K. Palit |
| 260 ## - PUBLICATION, DISTRIBUTION, ETC. | |
| Place of publication, distribution, etc. | New Delhi |
| Name of publisher, distributor, etc. | The English book store |
| Date of publication, distribution, etc. | 1960 |
| 300 ## - PHYSICAL DESCRIPTION | |
| Extent | iii,118 ,p.; |
| 505 ## - FORMATTED CONTENTS NOTE | |
| Formatted contents note | Defense Policy in Malaya (Page-1), Japanese and British Plans (Page-12), The Early Disasters (Page-24), Withdrawal From Northern Malaya (Page-35), Loss of Central Malaya (Page-49), Withdrawal From The Mainland (Page-67), Fortress Preparations (Page-84),The Fall of Singapore (Page-92), Commentary on the Campaign (Page-108). |
| 650 ## - SUBJECT ADDED ENTRY--TOPICAL TERM | |
| Topical term or geographic name entry element | campaign in Malaya |
| 9 (RLIN) | 105713 |
| 942 ## - ADDED ENTRY ELEMENTS (KOHA) | |
| Source of classification or shelving scheme | |
| Koha item type | Book |
| Call number prefix | 355,PAL |
| Withdrawn status | Lost status | Source of classification or shelving scheme | Damaged status | Not for loan | Permanent Location | Current Location | Shelving location | Date acquired | Full call number | Barcode | Date last seen | Price effective from | Koha item type | Public note |
|---|---|---|---|---|---|---|---|---|---|---|---|---|---|---|
| Military College of Signals (MCS) | Military College of Signals (MCS) | General Stacks | 12/12/2016 | 355,PAL | MCS29391 | 12/08/2016 | 12/12/2016 | Book | Almirah No.51, Shelf No.2 |
